| 000 | 01032nac a22001931u 4500 | ||
|---|---|---|---|
| 008 | 100725s ua|||||r|||| 001 0 ara d | ||
| 082 |
_a214.32 _bم ت و _222 |
||
| 100 |
_aمتولي ، عبد الحميد _916689 |
||
| 245 |
_aأزمة الفكر السياسي الاسلامي في العصر الحديث : _bمظاهرها - أسبابها - علاجها/ _cتأليف عبد الحميد متولي ؛ تقديم عبد الحليم محمود |
||
| 260 |
_aالقاهرة: _bالمكتب المصري الحديث ، 1970 _cc1970. |
||
| 300 |
_a390 ص ؛ _c24 سم |
||
| 511 | _aCatalogued by: Sara | ||
| 541 |
_aألف باء ؛ _cشراء ؛ |
||
| 650 |
_aالإسلام والسياسة _913370 |
||
| 650 |
_aالسياسة _916238 |
||
| 700 |
_aمحمود، عبد الحليم _914336 _eتقديم |
||
| 942 |
_cBB _k214.32 م ت و _2ddc |
||
| 999 |
_c6233 _d6233 |
||